Development of Liquid Crystals Based Biosensor for the Detection of HIV-1 Surface Glycoprotein-120/ (Record no. 607805)
[ view plain ]
| 000 -LEADER | |
|---|---|
| fixed length control field | 00586nam a22001697a 4500 |
| 003 - CONTROL NUMBER IDENTIFIER | |
| control field | NUST |
| 038 ## - RECORD CONTENT LICENSOR | |
| Staff Name | Nusrat Nadeem |
| 082 ## - DEWEY DECIMAL CLASSIFICATION NUMBER | |
| Classification number | 200 |
| 100 ## - MAIN ENTRY--PERSONAL NAME | |
| Personal name | Abbasi, Amna Didar |
| 245 ## - TITLE STATEMENT | |
| Title | Development of Liquid Crystals Based Biosensor for the Detection of HIV-1 Surface Glycoprotein-120/ |
| Statement of responsibility, etc. | Amna Didar Abbasi, |
| 264 ## - PRODUCTION, PUBLICATION, DISTRIBUTION, MANUFACTURE, AND COPYRIGHT NOTICE | |
| Place of production, publication, distribution, manufacture | Islamabad, |
| Name of producer, publisher, distributor, manufacturer | SCME NUST, |
| Date of production, publication, distribution, manufacture, or copyright notice | 2023. |
| 300 ## - PHYSICAL DESCRIPTION | |
| Extent | ill; |
| Other physical details | 160,p: |
| Dimensions | 30,cm. |
| 650 ## - SUBJECT ADDED ENTRY--TOPICAL TERM | |
| Topical term or geographic name entry element | Materials Engineering |
| 700 ## - ADDED ENTRY--PERSONAL NAME | |
| Personal name | Supervisor: Prof. Dr. Zakir Hussain |
| 856 ## - ELECTRONIC LOCATION AND ACCESS | |
| Uniform Resource Identifier | <a href=" http://10.250.8.41:8080/xmlui/handle/123456789/38152"> http://10.250.8.41:8080/xmlui/handle/123456789/38152</a> |
| 942 ## - ADDED ENTRY ELEMENTS (KOHA) | |
| Source of classification or shelving scheme | |
| Koha item type | Soft Copy |
| Withdrawn status | Permanent Location | Current Location | Date acquired | Full call number | Barcode | Koha item type |
|---|---|---|---|---|---|---|
| Central Library (CL) | Central Library (CL) | 02/16/2024 | 200 | CLPT-525 | Soft Copy |
